000 00571nam a22001937a 4500
005 20180605164349.0
010 _aENG-123134
020 _c699.00
_a9789383064076
035 _aEN-106666
037 _bDBAD/PUB
082 _aS
245 _aThe greatest Urdu stories ever told /
_cselected and translated by Muhammad Umar Memon
260 _aNew Delhi
_bAleph Book
_c2017
270 _a7/16 Ansari Road,Daryaganj
_bNew Delhi
_e110002
300 _axxv,346p.
_c22cm(Hb)
500 _aIt includes index
700 _aMemon Muhammad Umar
942 _2ddc
_cEN
_mMEM
_hS
999 _c152459
_d152459